Panchtantra a Collection of 37 Moral Stories (Record no. 11660)

MARC details
000 -LEADER
fixed length control field 00272nam a22000977a 4500
008 - FIXED-LENGTH DATA ELEMENTS--GENERAL INFORMATION
fixed length control field 191120b ||||| |||| 00| 0 eng d
020 ## - INTERNATIONAL STANDARD BOOK NUMBER
International Standard Book Number 9789332421714
100 ## - MAIN ENTRY--PERSONAL NAME
Personal name Sharma
9 (RLIN) 7362
245 ## - TITLE STATEMENT
Title Panchtantra a Collection of 37 Moral Stories
260 ## - PUBLICATION, DISTRIBUTION, ETC. (IMPRINT)
Place of publication, distribution, etc. New Delhi
Name of publisher, distributor, etc. Paper Clip
Date of publication, distribution, etc. 2019
Holdings
Withdrawn status Lost status Source of classification or shelving scheme Damaged status Koha normalized classification for sorting Not for loan Home library Current library Shelving location Date acquired Total Checkouts Full call number Barcode Date last seen Price effective from Koha item type
    Dewey Decimal Classification   823_000000000000000_N1   Good Samaritan School Library Good Samaritan School Library FICTION 11/20/2019   823 N-1 SHA15687 11/20/2019 11/20/2019 BOOK

Powered by Koha